| 000 | 00970nam a2200253Ia 4500 | ||
|---|---|---|---|
| 003 | GCL | ||
| 005 | 20240530102115.0 | ||
| 008 | 140319s9999 xx 000 0 ara d | ||
| 040 |
_aGCL / _cGCL |
||
| 082 | 0 | 4 |
_a330.17\ _bهـ ت |
| 100 | 1 | _aهانكى ، ستيف، هـ . | |
| 245 | 1 | 0 |
_aتحويل الملكية العامة الى القطاع الخاص: والتنمية الاقتصادية / _cاعداد وتحريرستيف، هـ . هانكى ؛ ترجمة محمد مصطفى غنيم ؛ مراجعة وتقديم شريف لطفى |
| 260 |
_a[S.N] : _bدار الشروق ، _c1990 |
||
| 300 | _a209 ص | ||
| 490 | 0 | _aفى الشرق والغرب | |
| 650 | 0 | 4 | _aمصر |
| 650 | 0 | 4 | _aالاقتصاد |
| 650 | 0 | 4 | _aالقطاع العام |
| 650 | 0 | 4 | _aالقطاع الخاص |
| 700 | 1 | _aشريف لطفى | |
| 700 | 1 | _aالمركز الدولى للنمو الاقتصادى | |
| 700 | 1 | _aمحمد مصطفى غنيم | |
| 942 |
_2ddc _cBK |
||
| 999 |
_c29877 _d29877 |
||